ბათუმის შოთა რუსთაველის სახელმწიფო უნივერსიტეტის ბიბლიოთეკა

ქართველ მწერალთა ნაწარმოებები (ბიბ.ჩანაწერი № 47779)

000 -LEADER
fixed length control field 00627nam a2200205Ia 4500
001 - CONTROL NUMBER
control field 14653
003 - CONTROL NUMBER IDENTIFIER
control field GE_BSU
008 - FIXED-LENGTH DATA ELEMENTS--GENERAL INFORMATION
fixed length control field 181216s||||||||xx |||||||||||||| ||und||
040 ## - CATALOGING SOURCE
Transcribing agency GE_BSU
080 ## - UNIVERSAL DECIMAL CLASSIFICATION NUMBER
Universal Decimal Classification number 82-93
245 ## - TITLE STATEMENT
Title ქართველ მწერალთა ნაწარმოებები
245 ## - TITLE STATEMENT
Remainder of title კრებული
260 ## - PUBLICATION, DISTRIBUTION, ETC.
Place of publication, distribution, etc. თბილისი
260 ## - PUBLICATION, DISTRIBUTION, ETC.
Name of publisher, distributor, etc. საბლიტგამი
260 ## - PUBLICATION, DISTRIBUTION, ETC.
Date of publication, distribution, etc. 1959
300 ## - PHYSICAL DESCRIPTION
Extent 532გვ.21სმ.
653 ## - INDEX TERM--UNCONTROLLED
Uncontrolled term კრებული
653 ## - INDEX TERM--UNCONTROLLED
Uncontrolled term ქართველ მწერალთა ნაწარმოებები
942 ## - ADDED ENTRY ELEMENTS (KOHA)
Koha item type წიგნი
ეგზემპლარები
Withdrawn status Lost status Damaged status Not for loan Date acquired Barcode Date last seen Price effective from Koha item type
        2018-12-17 37695 2018-12-17 2018-12-17 წიგნი